000 00698nam a2200229Ia 4500
003 OSt
005 20220927110343.0
006 a|||||r|||| 00| 0
007 ta
008 220926b |||||||| |||| 00| 0 eng d
024 _a57199
037 _cReports
040 _aRTL
_cRTL
_beng
041 _2eng
_aeng
082 _a"X:991.7921.N60t7, K4"
100 _aHarewood Jack
_9376498
245 0 _aEmployment in Trinidad and Tobage in 1960
260 _aJAMAICA
_bINSTITUTE OF SOCIAL AND ECONOMIC REASEARCH
_c1964
650 _aLabour Market Economics-Trinidad
_9376499
942 _h"X:991.7921.N60t7, K4"
_cCC
999 _c695721
_d695721